00270nam a2200109Ia 4500008004000000082001300040100002300053245004600076260002000122300000800142650001000150210210b1969 xxu||||| |||| 00| 0 eng d a973 WOOC aWOODWARD (C Vann). aComparative approach to American history. aMadras.bc1969 a390 aUSA